| 000 | 00363nam a2200157Ia 4500 | ||
|---|---|---|---|
| 003 | OSt | ||
| 005 | 20240112120416.0 | ||
| 008 | 170524s9999 xx 000 0 und d | ||
| 020 | _a9788126510924 | ||
| 040 | _ciimt university meerut | ||
| 100 | _aHALL- CALVIN | ||
| 100 | _c2012 | ||
| 245 | 0 | _aTHEORIES OF PERSONALITY | |
| 260 | _aWILEY- INDIA | ||
| 942 |
_2ddc _c02 |
||
| 999 |
_c2734 _d2734 |
||